000 00234nam a22000977a 4500
008 170123b xxu||||| |||| 00| 0 eng d
041 _aeng
080 _a618.2
245 _aNURSING ISSUES IN THE 21ST CENTURY
_cHEIN, E.C
942 _2udc
_cBK
999 _c3418
_d3418